000
00246nam a2200121Ia 4500
100
_a
#N/A
942
_c
BK
245
_a
Sivanandam & Deepa - Principles of Soft computing
260
_b
#N/A
082
_b
22438
546
_a
ENGLISH
999
_c
21226
_d
21226